000 00293nam a22001337a 4500
008 181217b xxu||||| |||| 00| 0 eng d
020 _a9780072445060
041 _aeng
080 _210 th
_a330
100 _a59
101 _aBUS
245 _aBusiness Society
_cPost.J.E
942 _2udc
_cBK
999 _c53281
_d53281